000 00763nam a2200301Ia 4500
005 20260121124618.0
008 008 260114s9999 xx 000 0 eng d
020 _a9789048539260
037 _aEBOOK
040 _aCRL
040 _beng
040 _cCRL
041 _2eng
041 _aeng
084 _qCRL
100 _aCathcart, Adam
_9978938
245 0 _aDecoding the Sino-North Korean Borderlands
260 _bWalter de Gruyter
260 _bWalter de Gruyter
260 _c2021
650 _aPolitical Science
_9978939
700 _a Denney, Steven
_9978940
700 _a Green, Christopher
_9978941
856 _uhttp://www.degruyter.com/isbn/9789048539260
942 _cEBOOK
999 _c1555887
_d1555887